[Event "Hengelo U12 op"]
[Site "Hengelo"]
[Date "2005.08.08"]
[Round "1"]
[White "Van Dorp, Maarten"]
[Black "Duburg, Jamie"]
[Result "0-1"]
[WhiteElo "1021"]
[BlackElo "1516"]
[PlyCount "70"]
[EventDate "2005.08.??"]
[EventType "swiss"]
[EventRounds "13"]
[EventCountry "NED"]
[SourceTitle "CBM 107 Extra"]
[Source "ChessBase"]
[SourceDate "2005.09.01"]
[SourceVersion "1"]
[SourceVersionDate "2005.09.01"]
[SourceQuality "1"]

1. e4 d5 2. d3 dxe4 3. Nc3 Nf6 4. Bf4 Nc6 5. dxe4 e5 6. Qxd8+ Kxd8 7. Bg5 Nd4 8. Rd1 Bd6 9. Bxf6+ gxf6 10. Nb5 Nxc2+ 11. Ke2 Ke7 12. Nf3 b6 13. Nxd6 cxd6 14. Rc1 Nb4 15. Rc7+ Ke8 16. g3 Na6 17. Rc6 Kd7 18. Rc2 Nc5 19. Ke3 Bb7 20. b4 Nxe4 21. Bb5+ Kd8 22. Rcc1 a6 23. Bd3 Ng5 24. Nxg5 fxg5 25. Bf5 d5 26. Rc7 Rb8 27. Rxf7 Bc8 28. Bxh7 Be6 29. Ra7 Rc8 30. Rd1 Rc3+ 31. Bd3 Rxh2 32. Rf1 e4 33. Kd2 Rxd3+ 34. Ke2 Bg4+ 35. Ke1 Rd1# 0-1